000 00474nam a22001577a 4500
005 20250208153742.0
008 250208b |||||||| |||| 00| 0 eng d
020 _a9780721683218
050 _aRC683.5
_b.P55
100 _aPerloff, Joseph K.
245 _aPhysical Examination of the Heart and Circulation/
_cJoseph K. Perloff
250 _a3rd ed.
260 _aPhiladelphia
_bW. B. Saunders Company
_c2000
300 _axi. 340p.
_bill.
_c20cm
942 _2lcc
_cBK
_e3rd ed.
_n0
999 _c3685
_d3685